[Event "FSIMA July"]
[Site "Budapest HUN"]
[Date "2009.07.06"]
[Round "3"]
[White "Klein,Da"]
[Black "Sebestyen,Ba"]
[Result "1-0"]
[WhiteElo "2236"]
[BlackElo "2242"]

1.e4 e6 2.d4 d5 3.Nd2 Nc6 4.Ngf3 Nf6 5.e5 Nd7 6.Bd3 Nb4 7.Be2 c5 8.c3 Nc6
9.O-O cxd4 10.cxd4 f6 11.exf6 Nxf6 12.Re1 Bd6 13.Nf1 O-O 14.Bd3 Qb6 15.Ng3 Bd7
16.Bb1 Rae8 17.Bg5 Qxb2 18.Re3 Ng4 19.Re2 Qb6 20.Qd3 g6 21.a3 Bf4 22.Bh4 Na5
23.Qd1 Bb5 24.Re1 e5 25.Ba2 Bc4 26.Rb1 Qc6 27.Bxc4 Nxc4 28.dxe5 Ncxe5 29.Nd4 Qc5
30.Rb5 Qc4 31.Rb4 Nxf2 32.Qa1 Qd3 33.Ndf5 Nh3+ 34.Kh1 Nf2+ 35.Kg1 Bxg3 36.Nh6+ Kg7
37.Bxg3 Ne4 38.Bxe5+ Kxh6 39.Bg7+ Kh5 40.Bxf8 Rxf8 41.Rxb7 h6 42.Qd1+ Qxd1
43.Rxd1 Nc3 44.Rd2 a6 45.Rc7 d4 46.h3 Rf4 47.Kh2 Kg5 48.Rc4 Nb1 49.Rd3 Kf5
50.Rb4 Nc3 51.Rbxd4 Rxd4 52.Rxd4 Ke5 53.Rd8 Nb5 54.a4 Nc3 55.a5 Ne4 56.Rg8 Kf5
57.Rc8 Ke5 58.Rc6 Nd6 59.Rxa6  1-0

[Event "Helmut Kohls IM"]
[Site "Dortmund GER"]
[Date "2009.07.06"]
[Round "4"]
[White "Litwak,A"]
[Black "Fiebig,T"]
[Result "1-0"]
[WhiteElo "2268"]
[BlackElo "2426"]

1.e4 e6 2.d4 d5 3.Nd2 Be7 4.Bd3 c5 5.dxc5 Nf6 6.Qe2 O-O 7.Ngf3 a5 8.c3 Nfd7
9.O-O Nxc5 10.Bc2 Nc6 11.Rd1 Qc7 12.exd5 exd5 13.Nb3 Nxb3 14.Bxb3 a4 15.Bxd5 a3
16.b4 Bf6 17.Qc4 Qd7 18.Bg5 Ne5 19.Qb3 Bxg5 20.Nxg5 Qe7 21.Nf3 Ng6 22.Qc4 Be6
23.Bxe6 fxe6 24.Re1 Rae8 25.Re4 Qf6 26.Rae1 Rc8 27.Qxe6+ Qxe6 28.Rxe6 Rxc3
29.R6e3 Rfc8 30.g3 Rxe3 31.Rxe3 Rc1+ 32.Kg2 Rb1 33.Rxa3 Rxb4 34.Ng5 Kf8 35.Nxh7+ Ke7
36.Ng5 Kd6 37.Nf3 Kc5 38.h4 Ne7 39.Re3 Nd5 40.Re2 Ra4 41.Ng5 b5 42.Ne6+ Kd6
43.Nxg7 Nc3 44.Re6+ Kd7 45.h5 Ra8 46.h6 Rh8 47.Ra6  1-0

[Event "37th Greek Teams"]
[Site "Kallithea GRE"]
[Date "2009.07.06"]
[Round "6"]
[White "Tsakiris,H"]
[Black "Liodakis,K"]
[Result "1/2-1/2"]
[WhiteElo "1711"]
[BlackElo "1894"]

1.e4 e6 2.d4 d5 3.Nd2 Be7 4.Ngf3 dxe4 5.Nxe4 Bd7 6.Bd3 Bc6 7.c3 Nd7 8.O-O Ngf6
9.Nxf6+ Nxf6 10.Ne5 Qd5 11.Nxc6 Qxc6 12.Qe2 O-O 13.Bf4 Qb6 14.Rad1 Rfd8 15.Bb1 c5
16.dxc5 Bxc5 17.Be5 Rxd1 18.Rxd1 Rd8 19.Bxf6 Bxf2+ 20.Kf1 Rxd1+ 21.Qxd1 gxf6
22.Bxh7+ Kxh7 23.Qc2+ Kg7 24.Qxf2 Qa6+ 25.Qe2 Qxa2 26.Qg4+  1/2-1/2

[Event "37th Greek Teams"]
[Site "Kallithea GRE"]
[Date "2009.07.07"]
[Round "7"]
[White "Michelakos,P"]
[Black "Liodakis,K"]
[Result "1/2-1/2"]
[WhiteElo "2005"]
[BlackElo "1894"]

1.e4 e6 2.d4 d5 3.Nd2 Be7 4.Ngf3 dxe4 5.Nxe4 Bd7 6.Bd3 Bc6 7.O-O Nd7 8.Ne5 Nxe5
9.dxe5 Qd4 10.Qg4 Qxe5 11.Bf4 Nh6 12.Qg3 Qxb2 13.Be5 Qb4 14.Qxg7 Rg8 15.Qxh6 Bxe4
16.Bg3 Bg5 17.Qh5 h6 18.Rab1 Qd4 19.Rfe1 Bd5 20.Bh7 Rf8 21.Rbd1 Qc4 22.Rxd5 Qxd5
23.h4 Be7 24.Qxh6 O-O-O 25.Be4 Qd2 26.Re3 Qc1+ 27.Kh2 Rd1 28.Bf4 Rh1+ 29.Kg3 Rg8+
30.Kf3 Rxh4 31.Bxb7+ Kxb7 32.Rb3+ Kc6 33.Bxc1 Rxh6 34.Bxh6 Bg5 35.Rc3+ Kb6
36.Bxg5 Rxg5 37.Rb3+ Kc6 38.Rc3+ Kd6 39.Rd3+  1/2-1/2

[Event "FSIMA July"]
[Site "Budapest HUN"]
[Date "2009.07.08"]
[Round "5"]
[White "Bakin,A"]
[Black "Sebestyen,Ba"]
[Result "1/2-1/2"]
[WhiteElo "2248"]
[BlackElo "2242"]

1.e4 e6 2.d4 d5 3.Nd2 Nc6 4.Ngf3 Nf6 5.e5 Nd7 6.c4 dxc4 7.Nxc4 Nb6 8.a3 Be7
9.Bd3 O-O 10.O-O Nd5 11.Qe2 b5 12.Qe4 f5 13.exf6 Nxf6 14.Qxc6 Bd7 15.Qa6 bxc4
16.Bxc4 Bd6 17.Ne5 Rb8 18.b4 Bxe5 19.dxe5 Rb6 20.Qa5 Ng4 21.h3 Nxf2 22.Be3 Rc6
23.Rxf2 Rxf2 24.Bxf2 Rxc4 25.Bc5 Qg5 26.Qxc7 Rc1+ 27.Rxc1 Qxc1+ 28.Kh2 Qf4+
29.Kg1 Qc1+ 30.Kh2 Qf4+ 31.Kg1 Qc1+  1/2-1/2

[Event "19th Heart of Finland Open"]
[Site "Jyvaskyla FIN"]
[Date "2009.07.08"]
[Round "3"]
[White "Palmo,P"]
[Black "Rudolf,An"]
[Result "1/2-1/2"]
[WhiteElo "2065"]
[BlackElo "2313"]

1.e4 e6 2.d4 d5 3.Nd2 Be7 4.Ngf3 Nf6 5.Bd3 c5 6.dxc5 dxe4 7.Nxe4 Nxe4 8.Bxe4 Qxd1+
9.Kxd1 Bxc5 10.Ke2 Nd7 11.Be3 Bxe3 12.Kxe3 Nc5 13.Kd4 Nxe4 14.Kxe4 f6 15.Rhd1 Bd7
16.Rd2 Rd8 17.Ke3 Bc6 18.Nd4 Bd5 19.Rad1 Rd7 20.f3 Rf8 21.b3 Rff7 22.c4 Bc6
23.Nxc6 bxc6 24.Rd6 Rfe7 25.R1d2 Rc7 26.c5 e5 27.Ke4 Kf7 28.g4 Rc8 29.h3 Ke8
30.R2d3 a5 31.h4 Rb7 32.Kf5 Ke7 33.h5 Rcc7 34.f4 Rb5 35.Rc3 Rb4 36.fxe5 g6+
37.hxg6 hxg6+ 38.Kxg6 Rxg4+ 39.Kf5 Rg5+ 40.Kf4 Rxe5 41.Re3 Rxe3 42.Kxe3 Rc8
43.Kf4 a4 44.bxa4 Ra8 45.Rxc6 Rc8  1/2-1/2

[Event "XI Open"]
[Site "Torredembarra ESP"]
[Date "2009.07.09"]
[Round "6"]
[White "Munoz Pantoja,M"]
[Black "Rusev,K"]
[Result "1/2-1/2"]
[WhiteElo "2427"]
[BlackElo "2543"]

1.e4 e6 2.d4 d5 3.Nd2 Be7 4.Ngf3 Nf6 5.Bd3 c5 6.dxc5 dxe4 7.Bxe4 Na6 8.Bd3 Nxc5
9.Bb5+ Bd7 10.Qe2 O-O 11.Bxd7 Ncxd7  1/2-1/2

[Event "FSGM July"]
[Site "Budapest HUN"]
[Date "2009.07.10"]
[Round "7"]
[White "Antal,Ge"]
[Black "Bertholee,R"]
[Result "1/2-1/2"]
[WhiteElo "2479"]
[BlackElo "2368"]

1.e4 e6 2.d4 d5 3.Nd2 Be7 4.Ngf3 Nf6 5.Bd3 c5 6.exd5 Qxd5 7.dxc5 Qxc5 8.O-O O-O
9.a3 Qc7 10.c4 Nc6 11.Qc2 a5 12.b3 g6 13.Bb2 Nd7 14.Ne4 f5 15.Nc3 Nc5 16.Nb5 Qf4
17.Rfe1 b6 18.Ne5 Bb7 19.Nc7 Bd6 20.g3 Nd4 21.gxf4 Nxc2 22.Bxc2 Bxc7 23.f3 Rad8
24.Bc3 Bxe5 25.Rxe5 Bxf3 26.b4 Ne4 27.Be1 axb4 28.axb4 Ra8 29.Rc1 Ra2 30.Rxe6 Rc8
31.Bd1 Bxd1 32.Rxd1 g5 33.Re5 gxf4 34.Rxf5 Rxc4 35.Rxf4 Ng5 36.Rd8+ Kg7 37.Rd7+ Kg6
38.Rd6+ Kh5 39.Rxc4 Nf3+ 40.Kf1 Nxh2+ 41.Kg1  1/2-1/2

[Event "Helmut Kohls IM"]
[Site "Dortmund GER"]
[Date "2009.07.11"]
[Round "8"]
[White "Zelbel,P"]
[Black "Schaefer,Mark"]
[Result "0-1"]
[WhiteElo "2348"]
[BlackElo "2378"]

1.e4 e6 2.d4 d5 3.Nd2 a6 4.Bd3 c5 5.dxc5 Bxc5 6.Ngf3 Nc6 7.O-O Nf6 8.a3 O-O
9.e5 Nd7 10.b4 Be7 11.Bb2 b5 12.Qe2 Qc7 13.Nb3 Nb6 14.Nbd4 Na4 15.Nxc6 Qxc6
16.Bd4 Nc3 17.Qe1 Ne4 18.Bb2 f5 19.Nd4 Qc7 20.f3 Ng5 21.Qc3 Qa7 22.Kh1 Bd7
23.Nb3 Nf7 24.Qd4 Qc7 25.g4 fxg4 26.Qxg4 Nh6 27.Qh3 Nf5 28.Nd4 Qb6 29.Bxf5 exf5
30.Rg1 Kh8 31.e6 Bf6 32.e7 Rfe8 33.Rg6 Rxe7 34.Rag1 Rae8 35.Qh4 Bxh4 36.Rxb6 Bf2
37.Rf1 Be3 38.f4 Re4 39.Nb3 Bxb6  0-1

[Event "LTC Open A"]
[Site "Leiden NED"]
[Date "2009.07.12"]
[Round "3"]
[White "Van Veen,O"]
[Black "Burggraaf,J"]
[Result "0-1"]
[WhiteElo "2233"]
[BlackElo "2018"]

1.e4 e6 2.d4 d5 3.Nd2 Nc6 4.Ngf3 Nf6 5.e5 Nd7 6.c3 f6 7.Bb5 a6 8.Bxc6 bxc6
9.O-O f5 10.c4 Be7 11.b3 O-O 12.a4 Rf7 13.Ba3 Nf8 14.Bxe7 Rxe7 15.Qc1 Bd7
16.Qc3 Be8 17.Rfc1 h6 18.h4 Ng6 19.g3 Rf7 20.Qa5 f4 21.Rc3 fxg3 22.fxg3 Ne7
23.Rac1 Nf5 24.cxd5 cxd5 25.Kg2 g5 26.hxg5 hxg5 27.g4 Nh4+ 28.Nxh4 gxh4 29.Nf3 Rh7
30.b4 Bg6 31.Rxc7 Be4 32.Rxh7 Qg5 33.Rg1 Rf8 34.Rh5 Bxf3+ 35.Kh3 Qe3 36.Qc7 Bxg4+
37.Kxg4 Qxg1+  0-1

[Event "FSIMA July"]
[Site "Budapest HUN"]
[Date "2009.07.13"]
[Round "10"]
[White "Margraf,D"]
[Black "Sebestyen,Ba"]
[Result "1-0"]
[WhiteElo "2238"]
[BlackElo "2242"]

1.e4 e6 2.d4 d5 3.Nd2 Nc6 4.exd5 Qxd5 5.c3 e5 6.Ngf3 exd4 7.Bc4 Qh5 8.O-O Bd6
9.Ne4 Bg4 10.Nxd6+ cxd6 11.Qe1+ Nge7 12.Nxd4 O-O 13.h3 Bd7 14.Nxc6 Nxc6 15.Qd1 Qg6
16.Bd3 Qf6 17.Qh5 h6 18.f4 Qe7 19.Bd2 f5 20.Rae1 Qf6 21.Rf2 Rae8 22.Rfe2 Rxe2
23.Rxe2 d5 24.g4 Nd4 25.Re3 Ne6 26.Qxf5 Qxf5 27.Bxf5 Nc5 28.Bxd7 Nxd7 29.Rd3 Nb6
30.b3 Kf7 31.f5 Kf6 32.Be3 h5 33.Kg2 hxg4 34.hxg4  1-0

[Event "61st ch-MNE"]
[Site "Cetinje MNE"]
[Date "2009.07.13"]
[Round "4"]
[White "Mijovic,S"]
[Black "Drasko,M"]
[Result "0-1"]
[WhiteElo "2325"]
[BlackElo "2527"]

1.e4 e6 2.d4 d5 3.Nd2 Nc6 4.Ngf3 Nf6 5.e5 Nd7 6.Be2 Be7 7.Nf1 O-O 8.Ne3 f6
9.exf6 Nxf6 10.O-O Bd6 11.c4 b6 12.b3 Ne7 13.Ne5 Bb7 14.Bb2 dxc4 15.Bxc4 Ned5
16.Nxd5 Nxd5 17.Re1 Qf6 18.Ng4 Qf7 19.f3 Rad8 20.Qe2 Bb4 21.Bxd5 Rxd5 22.Ne5 Qh5
23.Red1 Bd6 24.Ng4 Qg6 25.Qe4 Qxe4 26.fxe4 Rg5 27.Nf2 Bxh2+  0-1

[Event "LTC Open A"]
[Site "Leiden NED"]
[Date "2009.07.14"]
[Round "5"]
[White "Van Veen,O"]
[Black "Hortensius,N"]
[Result "1-0"]
[WhiteElo "2233"]
[BlackElo "2055"]

1.e4 e6 2.d4 d5 3.Nd2 Nc6 4.Ngf3 Nf6 5.e5 Nd7 6.c3 f6 7.Bb5 fxe5 8.dxe5 Be7
9.Nd4 Ndxe5 10.f4 a6 11.Qh5+ Kd7 12.Bxc6+ Nxc6 13.N2f3 Bf6 14.Be3 Qe8 15.Qh3 b6
16.O-O-O Nxd4 17.Bxd4 Kc6 18.Rhe1 Kb7 19.f5 Qa4 20.fxe6 Re8 21.a3 c5 22.Bxf6 Qf4+
23.Rd2 Qxf6 24.Rde2 h6 25.Qg4 Ra7 26.Qh5 Qd8 27.e7 Qd7 28.Re5 Ka8 29.Rxd5 Qc6
30.Rd6 Qa4 31.Rd8  1-0

[Event "12th Open"]
[Site "Malaga ESP"]
[Date "2009.07.15"]
[Round "6"]
[White "Fierro Baquero,M"]
[Black "Rivas Pastor,M"]
[Result "0-1"]
[WhiteElo "2394"]
[BlackElo "2525"]

1.e4 e6 2.d4 d5 3.Nd2 a6 4.Ngf3 c5 5.dxc5 Bxc5 6.Bd3 Nc6 7.O-O Nf6 8.c3 dxe4
9.Nxe4 Nxe4 10.Bxe4 Qxd1 11.Rxd1 Bd7 12.Bf4 f6 13.Bd6 Bxd6 14.Rxd6 Ke7 15.Rad1 Rad8
16.b4 e5 17.Kf1 Be6 18.Rxd8 Nxd8 19.a4 b6 20.Ke1 Nf7 21.Bb7 a5 22.Nd2 Nd6
23.Bc6 Rc8 24.b5 Rd8 25.Nf1 Nc4 26.Rxd8 Kxd8 27.Be4 f5 28.Bd3 Ke7 29.Bxc4 Bxc4
30.Ne3 Be6 31.Kd2 Kd6 32.Kc2 f4 33.Nf1 e4 34.Nd2 Ke5 35.c4 Kd4 36.c5 e3 37.fxe3+ fxe3
38.cxb6 Bf5+ 39.Kd1 exd2  0-1

[Event "Lake Sevan GM"]
[Site "Martuni ARM"]
[Date "2009.07.15"]
[Round "6"]
[White "Berkes,F"]
[Black "Grigoryan,Av"]
[Result "1-0"]
[WhiteElo "2647"]
[BlackElo "2504"]

1.e4 e6 2.d4 d5 3.Nd2 Nc6 4.Ngf3 Nf6 5.e5 Nd7 6.Nb3 Be7 7.Bb5 Ncb8 8.O-O a5
9.a4 b6 10.Bd2 c6 11.Be2 Ba6 12.Bxa6 Nxa6 13.Rc1 c5 14.c4 Nc7 15.Qe2 O-O
16.Rfd1 Qe8 17.Be3 dxc4 18.Rxc4 Nd5 19.Bg5 cxd4 20.Nbxd4 Nc5 21.Nb5 Bxg5
22.Nxg5 h6 23.Nf3 Qe7 24.Rg4 Rad8 25.h3 Rd7 26.Rdd4 Rfd8 27.Rg3 f5 28.exf6 Qxf6
29.Rgg4 Nb3 30.Rc4 Ne7 31.Rgf4 Qg6 32.Kh2 Nc5 33.Ne5 Qe8 34.Nxd7 Rxd7 35.Rfd4 Nf5
36.Rxd7 Qxd7 37.Nc3 Qd6+ 38.Kg1 Nd3 39.Rc8+ Kh7 40.Qe4 Nf4 41.Rc4 g5 42.g4 Nxh3+
43.Kf1 Qh2 44.Qg2 Qd6 45.Qxh3  1-0

[Event "12th Open"]
[Site "Malaga ESP"]
[Date "2009.07.16"]
[Round "7"]
[White "Korneev,O"]
[Black "Rivas Pastor,M"]
[Result "1/2-1/2"]
[WhiteElo "2537"]
[BlackElo "2525"]

1.e4 e6 2.d4 d5 3.Nd2 a6 4.Ngf3 c5 5.exd5 exd5 6.Be2 Nc6 7.O-O cxd4 8.Re1 Be7
9.Nb3 Nf6 10.Nfxd4 O-O 11.Bf4 Re8 12.Bf1 Bg4 13.f3 Bd7 14.Qd2 Qb6 15.c3 Nxd4
16.Qxd4 Qxd4+ 17.Nxd4 Bc5 18.Be3 Ba4 19.Nf5 Bxe3+ 20.Rxe3 Rxe3 21.Nxe3 g6
22.Re1 Rd8 23.Re2 h5 24.Rd2 Bc6 25.Kf2 Kf8 26.Bc4 b5 27.Bb3 Nd7 28.Nc2 Nb6
29.Nd4 Bd7 30.Re2 Rb8 31.h4 a5 32.a3 Nc4 33.Bxc4 dxc4 34.Re5 f6 35.Rc5 Rb7
36.Ke3 Ke7 37.Ke4 Kd6 38.Rd5+ Ke7 39.Kf4 Rb8 40.g4 hxg4 41.fxg4 Rg8 42.g5 Rf8
43.Nxb5 fxg5+ 44.Kxg5 Rf2 45.Re5+ Kf8 46.Nd6 Rxb2 47.Rxa5 Ke7 48.Nxc4 Rg2+
49.Kh6 Rg4 50.Ne5 Rxh4+ 51.Kxg6 Ke6 52.Kg5 Re4 53.Nd3 Kd6 54.Nb4 Rg4+ 55.Kf6 Rf4+
56.Kg5 Rg4+ 57.Kh5 Rg3 58.Rd5+ Ke6 59.Rd3 Rg1 60.Kh4 Bb5 61.Rd5 Ba4 62.Ra5 Bd1
63.Kh3 Be2 64.a4 Ra1 65.Nc2 Bf1+ 66.Kg3 Rc1 67.Nd4+ Kd7 68.Rd5+ Ke7 69.Rc5 Kd6
70.Rc8 Kd5 71.Kf2 Bc4 72.Nb5 Rc2+ 73.Ke3 Re2+ 74.Kf3 Ra2 75.Nc7+ Ke5 76.Na8 Bd5+
77.Ke3 Rxa4 78.Nb6 Re4+ 79.Kd3 Be6 80.Re8 Rh4 81.Nc4+ Kd5 82.Ne3+ Kd6 83.c4 Rh3
84.Rd8+ Kc5 85.Ke4 Rh4+ 86.Ke5 Bxc4 87.Rc8+ Kb4 88.Rxc4+  1/2-1/2

[Event "TCh Eur-Youth U18"]
[Site "Pardubice CZE"]
[Date "2009.07.16"]
[Round "1"]
[White "Kuchynka,Luk"]
[Black "Pap,G"]
[Result "1-0"]
[WhiteElo "2307"]
[BlackElo "2503"]

1.e4 e6 2.d4 d5 3.Nd2 Nc6 4.Ngf3 Nf6 5.e5 Nd7 6.Nb3 Be7 7.c3 a5 8.a4 b6 9.h4 Ba6
10.Bxa6 Rxa6 11.h5 h6 12.Bf4 Ncb8 13.g4 c5 14.Rg1 Nc6 15.g5 hxg5 16.Nxg5 Nf8
17.h6 g6 18.Qf3 Nh7 19.Nxf7 Kxf7 20.Qd3 Bg5 21.dxc5 Ra7 22.Qg3 Bxf4 23.Qxf4+ Ke8
24.Rxg6 Rf8 25.Qe3 Re7 26.cxb6 d4 27.Nxd4 Qxb6 28.Nxe6 Qxe3+ 29.fxe3 Rf3
30.Ng7+ Kd7 31.Rd6+ Kc7 32.Ne6+ Kb7 33.Rxc6 Rh3 34.Nd8+  1-0

[Event "Open"]
[Site "Rethymno GRE"]
[Date "2009.07.17"]
[Round "7"]
[White "Dembo,Y"]
[Black "Kryvoruchko,Y"]
[Result "1/2-1/2"]
[WhiteElo "2466"]
[BlackElo "2611"]

1.e4 e6 2.d4 d5 3.Nd2 Be7 4.e5 c5 5.Qg4 Kf8 6.dxc5 Nc6 7.Ngf3 f6 8.Qg3 Nh6
9.Bd3 Nf7 10.exf6 gxf6 11.Nb3 e5 12.Bb5 e4 13.Nfd4 Nxd4 14.Nxd4 Bxc5 15.Nb3 Bd6
16.Qh4 Be5 17.Bh6+ Nxh6 18.Qxh6+ Kf7 19.O-O-O Be6 20.f4 exf3 21.gxf3 Qc7
22.Kb1 Rag8  1/2-1/2

[Event "XXVII Andorra Open"]
[Site "Arinsal AND"]
[Date "2009.07.18"]
[Round "1"]
[White "Balogh,C"]
[Black "Sola Plaza,G"]
[Result "1-0"]
[WhiteElo "2595"]
[BlackElo "2049"]

1.e4 e6 2.d4 d5 3.Nd2 Be7 4.c3 c5 5.dxc5 Nf6 6.exd5 Qxd5 7.b4 Nc6 8.Ngf3 a5
9.Bc4 Qf5 10.Qb3 g5 11.O-O Bd7 12.Bb2 h5 13.Rfe1 g4 14.Nd4 Qg5 15.Ne4 Nxe4
16.Rxe4 Ne5 17.Bc1 Qf6 18.Bf1 h4 19.Bf4 Ng6 20.Bd6 g3 21.Qc2 Rc8 22.Bxe7 Nxe7
23.Bb5 axb4 24.Bxd7+ Kxd7 25.cxb4 Nd5 26.fxg3 hxg3 27.h3 Nxb4 28.Qa4+ Nc6
29.Rf1 Qg6 30.Nxc6 Rxc6 31.Qd4+  1-0

[Event "ch-SCO"]
[Site "Edinburgh SCO"]
[Date "2009.07.18"]
[Round "8"]
[White "Eggleston,D"]
[Black "Farrell,N"]
[Result "1/2-1/2"]
[WhiteElo "2341"]
[BlackElo "2191"]

1.e4 e6 2.d4 d5 3.Nd2 Be7 4.c3 c5 5.dxc5 Nf6 6.exd5 Qxd5 7.b4 a5 8.Ngf3 b6
9.Be2 axb4 10.cxb4 bxc5 11.b5 Rxa2 12.Rb1 Bb7 13.Bb2 Ra8 14.O-O Nbd7 15.Qc2 Qh5
16.Rfe1 Qg6 17.Bd3 Qh5 18.Be2 Qg6 19.Bd3  1/2-1/2

[Event "32nd Taminco Open"]
[Site "Ghent BEL"]
[Date "2009.07.18"]
[Round "2"]
[White "Van Himbergen,H"]
[Black "Van Mechelen,J"]
[Result "1/2-1/2"]
[WhiteElo "1908"]
[BlackElo "2281"]

1.e4 e6 2.d4 d5 3.Nd2 Be7 4.c3 c5 5.Ngf3 Nf6 6.e5 Nfd7 7.Bd3 b6 8.O-O Ba6
9.Bxa6 Nxa6 10.b3 b5 11.a3 c4 12.b4 Nc7 13.Ne1 h5 14.f4 g6 15.Ndf3 Nb6 16.Ng5 Bxg5
17.fxg5 a5 18.Rb1 axb4 19.axb4 Ra2 20.Qf3 O-O 21.h4 Ne8 22.Rf2 Rxf2 23.Kxf2 Ng7
24.Ra1 Na4 25.Nc2 Nf5 26.g3 Qb6 27.Ra3 Ra8 28.Qd1 Ra6 29.Kf3 Qa7 30.Kf2 Kg7  1/2-1/2

[Event "12th Open"]
[Site "Malaga ESP"]
[Date "2009.07.18"]
[Round "9"]
[White "Khamrakulov,I"]
[Black "Rivas Pastor,M"]
[Result "1/2-1/2"]
[WhiteElo "2553"]
[BlackElo "2525"]

1.e4 e6 2.d4 d5 3.Nd2 Be7 4.Ngf3 Nf6 5.Bd3 c5 6.c3 Nc6 7.O-O b6 8.Re1 cxd4
9.Nxd4 Nxd4 10.cxd4 dxe4 11.Nxe4 Bb7 12.Bb5+ Kf8 13.Nc3 Nd5 14.Be2 Rc8 15.Bd2 Nxc3
16.bxc3 Bg5 17.Bxg5 Qxg5 18.Bf3 Bxf3 19.Qxf3 Qd5 20.Qf4 h6 21.Re5 Qd6 22.Rae1 Kg8
23.Qe4 Rxc3 24.d5  1/2-1/2

[Event "ch-SCO"]
[Site "Edinburgh SCO"]
[Date "2009.07.19"]
[Round "9"]
[White "Martin,K"]
[Black "Giulian,R"]
[Result "1/2-1/2"]
[WhiteElo "1906"]
[BlackElo "2011"]

1.e4 e6 2.d4 d5 3.Nd2 a6 4.Ngf3 c5 5.exd5 exd5 6.Be2 Nf6 7.O-O Be7 8.dxc5 Bxc5
9.Nb3 Bb6 10.Bg5 O-O 11.Nbd4 Nc6 12.c3 Re8 13.Qc2 Qd6 14.Bd3 h6 15.Be3 Nxd4
16.Bxd4 Bc7 17.Rfe1 Bd7 18.Be5 Qc6 19.h3 Rac8 20.Rad1 b5 21.Nd4 Qb6 22.Bxc7 Rxc7
23.Rxe8+ Bxe8 24.Qb3 Qc5 25.Re1 Re7 26.Qd1 Bd7 27.Bf5 Bxf5 28.Nxf5 Rxe1+
29.Qxe1 Qc7 30.Qe3 Kf8 31.Qd4 Qd7 32.Nxh6 Qe6 33.Ng4 Nxg4 34.hxg4 Kg8 35.Kf1 Qg6
36.Qxd5 Qb1+ 37.Ke2 Qxb2+ 38.Qd2 Qa3 39.Qd8+ Kh7 40.Qh4+ Kg8 41.Qd8+ Kh7
42.Qh4+  1/2-1/2

[Event "32nd Taminco Open"]
[Site "Ghent BEL"]
[Date "2009.07.19"]
[Round "3"]
[White "Dgebuadze,A"]
[Black "Oorebeek,E"]
[Result "1-0"]
[WhiteElo "2516"]
[BlackElo "2177"]

1.e4 e6 2.d4 d5 3.Nd2 Nc6 4.Ngf3 Nf6 5.e5 Nd7 6.Be2 f6 7.exf6 Qxf6 8.Nf1 Bd6
9.Ne3 O-O 10.O-O Qg6 11.g3 Nf6 12.Nh4 Qe8 13.f4 Ne7 14.b3 c5 15.Ba3 b6 16.Ng4 Ne4
17.Bd3 Qc6 18.Nf3 Nf5 19.Qe1 Bb7 20.Nge5 Qc7 21.c3 cxd4 22.Bxd6 Nfxd6 23.cxd4 a5
24.Rc1 Qe7 25.Qe2 Rfc8 26.Rfe1 Nf5 27.g4 Nh4 28.Nxh4 Qxh4 29.Qe3 h5 30.g5 Rf8
31.Bxe4 dxe4 32.Rc7 Bd5 33.Rf1 a4 34.bxa4 Rxa4 35.a3 b5 36.Ng6 Qg4+ 37.Qg3 Qxg3+
38.hxg3  1-0

[Event "Politiken Cup"]
[Site "Helsingor DEN"]
[Date "2009.07.20"]
[Round "4"]
[White "Sjol,H"]
[Black "Ostlund,A"]
[Result "0-1"]
[WhiteElo "1852"]
[BlackElo "2067"]

1.e4 e6 2.d4 d5 3.Nd2 Be7 4.Bd3 c5 5.c3 Nc6 6.Ne2 cxd4 7.cxd4 dxe4 8.Nxe4 Nf6
9.O-O O-O 10.Be3 Nb4 11.Nxf6+ Bxf6 12.Bc4 Nd5 13.Bxd5 Qxd5 14.Nc3 Qf5 15.Qe2 b6
16.Qb5 Qxb5 17.Nxb5 Ba6 18.a4 Bxb5 19.axb5 Rfd8 20.Rfc1 Rd5 21.Rc7 h6 22.Raxa7 Rxa7
23.Rxa7 Rxb5 24.Ra2 Rb4 25.Kf1 Bxd4 26.Bxd4 Rxd4 27.Ke2 g5 28.Ke3 Rd5 29.b4 h5
30.Rc2 Kg7 31.Rc6 Rb5 32.Rc4 g4 33.Kd3 Rf5 34.Ke3 Kg6 35.Rc6 Rb5 36.Rc4 Kf6
37.Rf4+ Ke7 38.Kd3 Rd5+ 39.Ke3 b5 40.f3 f5 41.fxg4 hxg4 42.h3 gxh3 43.gxh3 Kf6
44.Rh4 Ke5 45.Rh8 Rd4 46.h4 Rxb4 47.h5 Re4+ 48.Kd2 Kf6  0-1

[Event "32nd Taminco Open"]
[Site "Ghent BEL"]
[Date "2009.07.21"]
[Round "7"]
[White "Donovan,L"]
[Black "Alienkin,A"]
[Result "1/2-1/2"]
[WhiteElo "2200"]
[BlackElo "2402"]

1.e4 e6 2.d4 d5 3.Nd2 a6 4.Ngf3 c5 5.dxc5 Bxc5 6.Bd3 Nf6 7.exd5 exd5 8.O-O O-O
9.Nb3 Bb6 10.Bg5 Bg4 11.c3 Nc6 12.Be2 Re8 13.Nfd4 Bxe2 14.Nxe2 h6 15.Bf4 Ne4
16.Bg3 Qg5 17.Nbd4 Rad8 18.Nxc6 bxc6 19.Qd3 Ra8 20.Nd4 f5 21.Nf3 Qf6 22.Bf4 Kh7
23.Rad1 a5 24.Nd2 Kh8 25.Be3 Bc7 26.Nxe4 Rxe4 27.Bd4 Qh4 28.g3 Qh3 29.Rfe1 Rae8
30.Qf1 Qh5 31.f3 R4e6 32.Rxe6 Rxe6 33.Re1 Qe8 34.Rxe6 Qxe6 35.Kf2 f4 36.g4 Be5
37.Qe2 Bxd4+ 38.cxd4 Qf6 39.Qd2 Kg8 40.Ke2 a4 41.Kd3 Qg6+ 42.Kc3 Qb1 43.Qc2 Qxa2
44.Qf5  1/2-1/2

[Event "Politiken Cup"]
[Site "Helsingor DEN"]
[Date "2009.07.21"]
[Round "5"]
[White "Hansen,Mads3"]
[Black "Nielsen,LA"]
[Result "1-0"]
[WhiteElo "2068"]
[BlackElo "2233"]

1.e4 e6 2.d4 d5 3.Nd2 Nc6 4.Ngf3 Nf6 5.e5 Nd7 6.Bb5 a6 7.Bxc6 bxc6 8.c4 a5
9.O-O Bb4 10.c5 Bxd2 11.Bxd2 O-O 12.Bg5 Qe8 13.Re1 h6 14.Bh4 Rb8 15.Rb1 Ba6
16.Qd2 a4 17.Re3 Bb5 18.Rbe1 Bc4 19.Ra3 Bb5 20.h3 Kh8 21.Nh2 f5 22.exf6 Nxf6
23.Bxf6 Rxf6 24.Ng4 Rg6 25.Rf3 Rg5 26.Rfe3 Rg6 27.f4 Qc8 28.Qc2  1-0

[Event "Politiken Cup"]
[Site "Helsingor DEN"]
[Date "2009.07.21"]
[Round "5"]
[White "Skovgaard,T"]
[Black "Christensen,St"]
[Result "0-1"]
[WhiteElo "1983"]
[BlackElo "2283"]

1.e4 e6 2.d4 d5 3.Nd2 Be7 4.c3 c5 5.exd5 exd5 6.Bb5+ Nc6 7.dxc5 Bxc5 8.Qe2+ Ne7
9.Nb3 Bb6 10.Bg5 f6 11.Bxc6+ bxc6 12.Be3 O-O 13.Nf3 Bxe3 14.Qxe3 Nf5 15.Qd3 Re8+
16.Kf1 Qb6 17.Kg1 Nd6 18.Re1 Ba6 19.Qd4 Rxe1+ 20.Nxe1 Re8 21.Nf3 Re2 22.h4 Rxb2
23.Kh2 Rxa2 24.Nc5 Ra5 25.Qe3 Qxc5 26.Qe6+ Nf7 27.Qe8+ Qf8 28.Re1 h6 29.h5 Qxe8
30.Rxe8+ Kh7 31.Nh4 d4 32.g4 Bd3 33.f4 g6 34.hxg6+ Bxg6 35.f5 Bxf5 36.gxf5 Nd6
37.Re7+ Kg8 38.cxd4 Nxf5 39.Nxf5 Rxf5 40.Rxa7 Rd5 41.Rc7 Rxd4 42.Rxc6 Kg7
43.Kg3 Kg6 44.Rc8 h5 45.Kf3 Kg5 46.Rg8+ Kf5 47.Rh8 Rd3+ 48.Ke2 Rh3 49.Kf2 Kf4
50.Kg2 Rg3+ 51.Kf2 Rg5 52.Rh6 f5 53.Rh8 Kg4 54.Rh7 h4 55.Rh8 h3 56.Ra8 Rh5
57.Rg8+ Kf4 58.Rg1 h2 59.Rh1 Kg4 60.Kg2 f4 61.Kf2 f3 62.Ke1 Kg3 63.Kf1 Ra5  0-1

[Event "MTO"]
[Site "Biel SUI"]
[Date "2009.07.23"]
[Round "4"]
[White "Stella,A"]
[Black "Lysyj,I"]
[Result "1/2-1/2"]
[WhiteElo "2301"]
[BlackElo "2617"]

1.e4 e6 2.d4 d5 3.Nd2 Nc6 4.Ngf3 Nf6 5.e5 Nd7 6.c3 f6 7.Bb5 a6 8.Bxc6 bxc6
9.O-O fxe5 10.dxe5 c5 11.Qa4 Rb8 12.Qg4 Qe7 13.Re1 g6 14.Ng5 Rb6 15.Ndf3 h6
16.Nh3 g5 17.Nd2 Qg7 18.f4 gxf4 19.Qh5+ Qf7 20.Nxf4 Qxh5 21.Nxh5 Rg8  1/2-1/2

[Event "ch-Africa"]
[Site "Tripoli LBA"]
[Date "2009.07.23"]
[Round "3"]
[White "Ezat,M"]
[Black "Abdel Razik,K"]
[Result "1/2-1/2"]
[WhiteElo "2459"]
[BlackElo "2462"]

1.e4 e6 2.d4 d5 3.Nd2 Be7 4.Ngf3 Nf6 5.Bd3 c5 6.dxc5 dxe4 7.Nxe4 Nxe4 8.Bxe4 Qxd1+
9.Kxd1 Bxc5 10.Ke2 Nd7 11.Be3 Bxe3 12.Kxe3 Nf6 13.Bd3 Ke7 14.c4 b6 15.Ne5 Bb7
16.f3 Rhd8 17.Rhd1 Nd7 18.Nxd7 Rxd7 19.Be4 Rxd1 20.Rxd1 Bxe4 21.Kxe4 Rc8
22.b3 a5 23.Kd3 Kd6 24.Kc3+ Kc6 25.Kb2 g5 26.a3 h5 27.b4 Kc7 28.Kb3 axb4
29.axb4 Rd8  1/2-1/2

[Event "MTO"]
[Site "Biel SUI"]
[Date "2009.07.24"]
[Round "5"]
[White "Meier,V"]
[Black "Lysyj,I"]
[Result "0-1"]
[WhiteElo "2305"]
[BlackElo "2617"]

1.e4 e6 2.d4 d5 3.Nd2 Nc6 4.Ngf3 Nf6 5.e5 Nd7 6.Nb3 a5 7.a4 Be7 8.Bb5 Na7
9.Be2 b6 10.O-O c5 11.Be3 Bb7 12.Ne1 cxd4 13.Bxd4 Nc5 14.c3 Qd7 15.Nd2 Nc6
16.Bb5 Ba6 17.Bxa6 Rxa6 18.Qe2 Ra8 19.Qe3 Rc8 20.Nd3 Nxd4 21.Qxd4 O-O 22.Rfe1 b5
23.b3 f6 24.f4 bxa4 25.bxa4 Nxd3 26.Qxd3 fxe5 27.fxe5 Rf4 28.Qa6 Rxc3 29.Nf3 Bb4
30.Rf1 Qc6 31.Qxc6 Rxc6 32.g3 Rf8 33.Kg2 Bc3 34.Rab1 Rc4 35.Rb6 Re8 36.Ng5 Bxe5
37.Nxe6 Rxa4 38.Rd1 d4 39.Ra6 Ra2+ 40.Kh3 h6 41.Nc5 Rd8 42.Ra7 d3 43.Nd7 Bd4
44.Rxd3 Bxa7 45.Nf6+ Kf7  0-1

[Event "Politiken Cup"]
[Site "Helsingor DEN"]
[Date "2009.07.24"]
[Round "8"]
[White "Bulski,K"]
[Black "Bratholm,P"]
[Result "1-0"]
[WhiteElo "2392"]
[BlackElo "2098"]

1.e4 e6 2.d4 d5 3.Nd2 Be7 4.Bd3 c5 5.exd5 exd5 6.dxc5 Bxc5 7.Ngf3 Nf6 8.O-O O-O
9.h3 Nc6 10.Nb3 Bd6 11.c3 Qc7 12.Bc2 Be6 13.Re1 h6 14.Nbd4 Qd7 15.Be3 Rad8
16.Qc1 Nxd4 17.Bxd4 Bxh3 18.gxh3 Qxh3 19.Ne5 Nh5 20.Qe3 Qh4 21.Qf3 f5 22.Qh1 Qg5+
23.Qg2 Qd2 24.f3 Qxg2+ 25.Kxg2 g5 26.Nd3 Rde8 27.Bb3 Bg3 28.Bxd5+ Kh7 29.Rxe8 Rxe8
30.Bf7 Re2+ 31.Kf1 Rh2 32.Bxh5 Rh1+ 33.Kg2 Rxa1 34.Kxg3 Rxa2 35.Bf7 Ra1 36.Nc5 Re1
37.Ne6 h5 38.Nxg5+ Kh6 39.f4 a5 40.Nf3 Re2 41.c4 Re7 42.Bd5 a4 43.Nh4 Rc7
44.Be5 Rc5 45.Nxf5+ Kg6 46.Ne7+ Kh6 47.Be4 h4+ 48.Kxh4 Rc8 49.Nxc8 b5 50.Ne7 a3
51.Ng8+  1-0

[Event "Politiken Cup"]
[Site "Helsingor DEN"]
[Date "2009.07.24"]
[Round "8"]
[White "Greeuw,S"]
[Black "Jensen,SorenG"]
[Result "1/2-1/2"]
[WhiteElo "1968"]
[BlackElo "2082"]

1.e4 e6 2.d4 d5 3.Nd2 Be7 4.exd5 exd5 5.Bd3 Bf6 6.c3 Ne7 7.Qc2 g6 8.Ne2 Bf5
9.Nf3 O-O 10.O-O Nd7 11.Ng3 Bxd3 12.Qxd3 c5 13.Bf4 c4 14.Qd2 Nc6 15.Rae1  1/2-1/2